[Event "Cali 82/240"]
[Site "?"]
[Date "2001.??.??"]
[Round "?"]
[White "Shabalov, A."]
[Black "Dominguez, L."]
[Result "0-1"]
[WhiteElo "2574"]
[BlackElo "2585"]
[PlyCount "78"]
[EventDate "2001.??.??"]
[Source "Chess Informant"]
[SourceDate "2001.06.01"]

1. e4 c5 2. Nf3 d6 3. d4 cxd4 4. Nxd4 Nf6 5. Nc3 a6 6. Bg5 e6 7. f4 Be7 8. Qf3 Qc7 9. O-O-O h6 10. Bh4 Nbd7 11. Bf2 b5 12. a3 Bb7 13. Bd3 Nc5 14. Kb1 Rc8 15. Rhe1 O-O 16. Qh3 d5 17. e5 Nfe4 18. Nxe4 dxe4 19. Bf1 Rfd8 20. Rc1 Bd5 21. Qg3 Bf8 22. f5 Nd7 23. fxe6 fxe6 24. Qh3 Qxe5 25. Be2 Nf6 26. c3 Qd6 27. Bg3 e5 28. Nf5 Qe6 29. Bh4 Kh7 30. Bxf6 Qxf6 31. Bg4 Rb8 32. Ne3 Bg8 33. Rf1 Qc6 34. Qh4 Bc5 35. Bf5+ Kh8 36. Ng4 Qd5 37. c4 bxc4 38. Rcd1 Rxb2+ 39. Kc1 Rd2 0-1

[Event "IBM"]
[Site "Amsterdam"]
[Date "1979.??.??"]
[Round "8"]
[White "Torre, Eugenio"]
[Black "Lein, Anatoly"]
[Result "1/2-1/2"]
[WhiteElo "2520"]
[BlackElo "2535"]
[PlyCount "48"]
[EventDate "1979.07.??"]
[Source "ChessBase"]

1. e4 c5 2. Nf3 d6 3. d4 cxd4 4. Nxd4 Nf6 5. Nc3 a6 6. Bg5 e6 7. f4 Be7 8. Qf3 Qc7 9. O-O-O Nc6 10. Nxc6 Qxc6 11. Be2 Bd7 12. Qd3 Rd8 13. Kb1 Qc7 14. Qg3 Bc6 15. Bd3 h6 16. Bh4 O-O 17. Rhe1 d5 18. Bxf6 Bxf6 19. e5 Be7 20. Ne2 Qb6 21. c3 Ba4 22. Rd2 Bc5 23. Nd4 Bxd4 24. cxd4 Qb4 1/2-1/2

[Event "Beersheba"]
[Site "Beersheba"]
[Date "1978.??.??"]
[Round "1"]
[White "Liberzon, Vladimir M"]
[Black "Bleiman, Yaacov"]
[Result "1-0"]
[WhiteElo "2555"]
[BlackElo "2440"]
[PlyCount "84"]
[EventDate "1978.02.??"]
[Source "ChessBase"]

1. e4 c5 2. Nf3 d6 3. d4 cxd4 4. Nxd4 Nf6 5. Nc3 a6 6. Bg5 e6 7. f4 Be7 8. Qf3 Qc7 9. O-O-O h6 10. Bh4 Nbd7 11. Qg3 g5 12. fxg5 Nh5 13. Qe3 Qc5 14. Kb1 hxg5 15. Bf2 Ne5 16. Qd2 Qc7 17. Nf3 b5 18. Nxg5 Rb8 19. Nf3 Nf6 20. Nxe5 dxe5 21. Bd3 b4 22. Ne2 Bb7 23. Ng3 Bc6 24. Be3 Nd7 25. Rdf1 Bb5 26. Rf3 a5 27. h3 a4 28. Rc1 Nc5 29. Bxb5+ Rxb5 30. Bxc5 Bxc5 31. Rcf1 Rb7 32. Qg5 Bd4 33. Nh5 Qe7 34. Ng7+ Kd8 35. Rxf7 Qxg5 36. Nxe6+ Ke8 37. Nxg5 Rxf7 38. Nxf7 Rh4 39. Ng5 Kd7 40. Re1 Kd6 41. Nf3 Rf4 42. Kc1 Kc5 1-0

[Event "Perm (Russia)"]
[Site "?"]
[Date "1960.??.??"]
[Round "?"]
[White "Lutikov Anatoly S"]
[Black "Aronin Lev Solomonovich"]
[Result "1-0"]
[WhiteElo "2515"]
[BlackElo "2420"]
[PlyCount "77"]
[EventDate "1960.??.??"]
[Source "www.chesslib.no"]
[SourceDate "2004.05.04"]

1. e4 c5 2. Nf3 d6 3. d4 cxd4 4. Nxd4 Nf6 5. Nc3 a6 6. Bg5 e6 7. f4 Be7 8. Qf3 Qc7 9. O-O-O Nc6 10. Bh4 Bd7 11. g4 h6 12. f5 Ne5 13. Qh3 b5 14. a3 O-O-O 15. Be2 Kb8 16. Bf2 Rc8 17. Qg3 Qb7 18. h4 Nxe4 19. Nxe4 Qxe4 20. Rhe1 Qb7 21. Bf1 Rc7 22. Bg2 Bxh4 23. Qh3 Bg5+ 24. Kb1 Qc8 25. a4 Nc4 26. Qf3 d5 27. Bg3 Nd2+ 28. Rxd2 Bxd2 29. Re2 Ba5 30. axb5 axb5 31. fxe6 fxe6 32. Qa3 Bb6 33. Nxe6 Bxe6 34. Qd6 Bd4 35. Rxe6 Rd8 36. Qc6 Qb7 37. c3 Bf6 38. Bxc7+ Qxc7 39. Qxb5+ 1-0

[Event "Moscow"]
[Site "Moscow"]
[Date "1994.??.??"]
[Round "12"]
[White "Komliakov, Viktor"]
[Black "Petkevich, Jusefs"]
[Result "1/2-1/2"]
[WhiteElo "2445"]
[BlackElo "2445"]
[PlyCount "25"]
[EventDate "1994.??.??"]
[Source "ChessBase"]

1. e4 c5 2. Nf3 d6 3. d4 cxd4 4. Nxd4 Nf6 5. Nc3 a6 6. Bg5 e6 7. f4 Be7 8. Qf3 Qc7 9. O-O-O Bd7 10. Be2 Nc6 11. Rhe1 Nxd4 12. Rxd4 Bc6 13. Bd1 1/2-1/2

[Event "II"]
[Site "Las Palmas II"]
[Date "1993.??.??"]
[Round "6"]
[White "Garcia Padron, Jose"]
[Black "Gonzalez, B."]
[Result "1-0"]
[WhiteElo "2465"]
[BlackElo "2395"]
[PlyCount "55"]
[EventDate "1993.??.??"]
[Source "www.chesslib.no"]
[SourceDate "2004.05.04"]

1. e4 c5 2. Nf3 d6 3. d4 cxd4 4. Nxd4 Nf6 5. Nc3 a6 6. Bg5 e6 7. f4 Be7 8. Qf3 Qc7 9. O-O-O Nc6 10. Nxc6 Qxc6 11. Qg3 O-O 12. e5 dxe5 13. fxe5 Nd5 14. Bh6 g6 15. Bxf8 Kxf8 16. Rd3 Bd7 17. Be2 Nb4 18. Rd2 Qc7 19. Rhd1 Be8 20. Kb1 Rc8 21. a3 Nc6 22. Rd6 b5 23. Qf4 Kg7 24. R1d3 g5 25. Qe4 Rd8 26. Rh3 h6 27. Bd3 Bxd6 28. Qh7+ 1-0

[Event "Pedro Donoso mem"]
[Site "Las Condes"]
[Date "2001.??.??"]
[Round "7"]
[White "Egger, Jorge"]
[Black "Valenzuela, Luis"]
[Result "1/2-1/2"]
[WhiteElo "2435"]
[BlackElo "2414"]
[PlyCount "104"]
[EventDate "2001.11.??"]
[Source "ChessBase"]
[SourceDate "2002.01.21"]

1. e4 c5 2. Nf3 d6 3. d4 cxd4 4. Nxd4 Nf6 5. Nc3 a6 6. Bg5 e6 7. f4 Be7 8. Qf3 Qc7 9. O-O-O h6 10. Bh4 Nbd7 11. Bg3 b5 12. e5 Bb7 13. Qe2 dxe5 14. fxe5 Nd5 15. Ne4 O-O-O 16. Kb1 Nxe5 17. Nf3 f6 18. Nxe5 fxe5 19. Qg4 Nf4 20. Bd3 g5 21. Bxf4 gxf4 22. Qxe6+ Kb8 23. Rhe1 Rhe8 24. Qxh6 Rh8 25. Qg7 Rxh2 26. Rh1 Rxh1 27. Rxh1 Bb4 28. Qf6 Rg8 29. Rh8 Rxh8 30. Qxh8+ Ka7 31. Qf6 Qe7 32. Qg6 Bc5 33. a3 b4 34. axb4 Bxb4 35. c3 Bc5 36. Nxc5 Qxc5 37. Be4 Bxe4+ 38. Qxe4 a5 39. Kc2 Kb6 40. Qg6+ Qc6 41. Qxc6+ Kxc6 42. Kd3 Kd5 43. c4+ Kc5 44. b3 Kb4 45. Ke4 Kxb3 46. c5 a4 47. c6 a3 48. c7 a2 49. c8=Q a1=Q 50. Qb8+ Kc2 51. Qc7+ Kd2 52. Qxe5 Qxe5+ 1/2-1/2

[Event "WJun"]
[Site "Yerevan ARM"]
[Date "2007.10.15"]
[Round "12"]
[White "Brandenburg, D."]
[Black "Khamrakulov, D."]
[Result "1-0"]
[WhiteElo "2483"]
[BlackElo "2357"]
[PlyCount "57"]
[EventDate "2007.10.03"]
[Source "www.chesslib.no"]
[SourceDate "2004.05.04"]

1. e4 c5 2. Nf3 d6 3. d4 cxd4 4. Nxd4 Nf6 5. Nc3 a6 6. Bg5 e6 7. f4 Be7 8. Qf3 Qc7 9. O-O-O Nc6 10. Kb1 Bd7 11. f5 O-O-O 12. g3 h6 13. Be3 g6 14. fxe6 fxe6 15. Nxc6 Bxc6 16. Bh3 Qd7 17. Nd5 Bxd5 18. exd5 Kb8 19. Bxe6 Qc7 20. Bd4 Rdf8 21. Qe3 Bd8 22. Rd3 Qe7 23. Rc3 Ba5 24. Rb3 Rh7 25. Qd3 Ka8 26. Qxg6 Nd7 27. a3 Nc5 28. Re3 Qc7 29. b4 1-0

[Event "Reti mem"]
[Site "Trnava"]
[Date "1982.??.??"]
[Round "3"]
[White "Dobrovolsky, Ladislav"]
[Black "Hausner, Ivan"]
[Result "1-0"]
[WhiteElo "2395"]
[BlackElo "2435"]
[PlyCount "61"]
[EventDate "1982.03.??"]
[Source "ChessBase"]

1. e4 c5 2. Nf3 d6 3. d4 cxd4 4. Nxd4 Nf6 5. Nc3 a6 6. Bg5 e6 7. f4 Be7 8. Qf3 Qc7 9. O-O-O O-O 10. Bd3 Nbd7 11. Rhe1 Nc5 12. e5 dxe5 13. fxe5 Nd5 14. Bxe7 Nxe7 15. Qh5 h6 16. g4 Rd8 17. Be4 Nxe4 18. Nxe4 Ng6 19. g5 Rd5 20. Nf3 Nxe5 21. Rxd5 Nxf3 22. Qxf3 f5 23. Rd2 fxe4 24. Qxe4 hxg5 25. Rg1 Qf4 26. Qg6 Bd7 27. Rxg5 Qf1+ 28. Rd1 Qf4+ 29. Kb1 Qf8 30. Rh5 Bb5 31. Qxe6+ 1-0

[Event "Baku Bestcomp Cup active"]
[Site "?"]
[Date "2000.??.??"]
[Round "?"]
[White "Ibragimov Bagir"]
[Black "Gashimov Vugar"]
[Result "0-1"]
[WhiteElo "2385"]
[BlackElo "2426"]
[PlyCount "86"]
[EventDate "2000.??.??"]
[Source "www.chesslib.no"]
[SourceDate "2004.05.04"]

1. e4 c5 2. Nf3 d6 3. d4 cxd4 4. Nxd4 Nf6 5. Nc3 a6 6. Bg5 e6 7. f4 Be7 8. Qf3 Qc7 9. Qg3 h6 10. Bh4 g5 11. fxg5 Rg8 12. Nf3 Nh7 13. g6 Rxg6 14. Qf4 Ng5 15. O-O-O Nc6 16. Nd2 b5 17. Bf2 Ne5 18. a3 Nh3 19. gxh3 Bg5 20. Qg3 Bxd2+ 21. Rxd2 Rxg3 22. Bxg3 Bd7 23. Be2 Qc5 24. Rf1 O-O-O 25. Rf6 Be8 26. Bf2 Qc7 27. Rxh6 Qb7 28. Bh4 Qb6 29. Rh5 Ng6 30. Bxd8 Kxd8 31. Rg5 Ke7 32. Rg3 a5 33. Bg4 b4 34. Nd1 Ne5 35. h4 bxa3 36. bxa3 Qc5 37. Be2 Bc6 38. h5 Bxe4 39. h6 d5 40. Rc3 Qg1 41. Rh3 Bh7 42. Re3 Qg5 43. Rh3 Qf4 0-1

[Event "ch-AUT"]
[Site "Hartberg"]
[Date "2003.08.03"]
[Round "8"]
[White "Sommerbauer, Norbert"]
[Black "Freitag, Manfred"]
[Result "1/2-1/2"]
[WhiteElo "2413"]
[BlackElo "2393"]
[PlyCount "66"]
[EventDate "2003.07.29"]
[Source "Roberto Alvarez"]
[SourceDate "2003.08.11"]

1. e4 c5 2. Nf3 d6 3. d4 cxd4 4. Nxd4 Nf6 5. Nc3 a6 6. Bg5 e6 7. f4 Be7 8. Qf3 Qc7 9. O-O-O h6 10. Bh4 Nbd7 11. Kb1 g5 12. fxg5 Ne5 13. Qf2 Nfg4 14. Qd2 Rg8 15. Be2 hxg5 16. Bg3 Bd7 17. Rhf1 b5 18. a3 Rb8 19. Bxg4 Nxg4 20. Nf5 exf5 21. Nd5 Qc5 22. Nxe7 f4 23. Nxg8 fxg3 24. Nf6+ Nxf6 25. Rxf6 Be6 26. hxg3 Ke7 27. Rf3 b4 28. axb4 Rxb4 29. e5 d5 30. Rdf1 d4 31. Rxf7+ Bxf7 32. Qxg5+ Ke8 33. Rxf7 Rxb2+ 1/2-1/2

[Event "Subotica Palic"]
[Site "Subotica YUG"]
[Date "1992.??.??"]
[Round "?"]
[White "Marinkovic, Slavisa"]
[Black "Kostic, Nebojsa"]
[Result "1/2-1/2"]
[WhiteElo "2415"]
[BlackElo "2390"]
[PlyCount "48"]
[EventDate "1992.??.??"]
[Source "www.chesslib.no"]
[SourceDate "2004.05.04"]

1. e4 c5 2. Nf3 d6 3. d4 cxd4 4. Nxd4 Nf6 5. Nc3 a6 6. Bg5 e6 7. f4 Be7 8. Qf3 Qc7 9. O-O-O b5 10. Bd3 Bb7 11. Rhe1 Nbd7 12. Nd5 exd5 13. Nf5 dxe4 14. Bxe4 Nxe4 15. Rxe4 Bxe4 16. Qxe4 O-O 17. Nxe7+ Kh8 18. Qxh7+ Kxh7 19. Rd3 Qxc2+ 20. Kxc2 g6 21. Rh3+ Kg7 22. Bh6+ Kf6 23. Bxf8 Rxf8 24. Nd5+ Kf5 1/2-1/2

[Event "Mitropa Cup"]
[Site "Buekfuerdo"]
[Date "1995.??.??"]
[Round "6"]
[White "Manik, Mikulas"]
[Black "Marinelli, Tullio"]
[Result "0-1"]
[WhiteElo "2380"]
[BlackElo "2425"]
[PlyCount "76"]
[EventDate "1995.02.??"]
[Source "ChessBase"]

1. e4 c5 2. Nf3 d6 3. d4 cxd4 4. Nxd4 Nf6 5. Nc3 a6 6. Bg5 e6 7. f4 Be7 8. Qf3 Qc7 9. O-O-O O-O 10. Bd3 Nbd7 11. g4 b5 12. Bh4 b4 13. Nce2 Nc5 14. Kb1 Bb7 15. Bxf6 Bxf6 16. g5 Bxd4 17. Nxd4 a5 18. f5 d5 19. Qh3 dxe4 20. g6 fxg6 21. fxg6 h6 22. Nxe6 Nxe6 23. Qxe6+ Kh8 24. Bb5 Rac8 25. Ba4 Rf6 26. Qg4 Bc6 27. Bb3 a4 28. Bc4 Be8 29. b3 Bxg6 30. Rd7 Qc5 31. Rhd1 Rcf8 32. R7d5 Qe3 33. bxa4 Qc3 34. Qe2 e3 35. Rd8 Bh5 36. Qxh5 Qxc4 37. Qb5 Qxb5 38. axb5 e2 0-1

[Event "CZE Ch"]
[Site "Czekhoslovakia"]
[Date "1991.??.??"]
[Round "4"]
[White "Bartak, Vladimir"]
[Black "Hausner, Ivan"]
[Result "1/2-1/2"]
[WhiteElo "2340"]
[BlackElo "2445"]
[PlyCount "67"]
[EventDate "1991.??.??"]
[Source "www.chesslib.no"]
[SourceDate "2004.05.04"]

1. e4 c5 2. Nf3 d6 3. d4 cxd4 4. Nxd4 Nf6 5. Nc3 a6 6. Bg5 e6 7. f4 Be7 8. Qf3 Qc7 9. O-O-O O-O 10. Bd3 Nbd7 11. Rhe1 Nc5 12. e5 dxe5 13. fxe5 Nd5 14. Bxe7 Nxe7 15. Qh5 h6 16. g4 Rd8 17. Be4 Bd7 18. g5 g6 19. Qxh6 Qxe5 20. Bxb7 Qf4+ 21. Kb1 Rab8 22. Re4 Nxe4 23. Nxe4 f5 24. Nf6+ Kf7 25. Qh7+ Kf8 26. Qh8+ Kf7 27. Qh7+ Kf8 28. Qh6+ Kf7 29. Ne2 Qc7 30. Qh7+ Kf8 31. b3 Rxb7 32. Qh8+ Kf7 33. Qh7+ Kf8 34. Qh8+ 1/2-1/2

[Event "GMA-Open"]
[Site "Belgrade SCG"]
[Date "1988.??.??"]
[Round "?"]
[White "Tseitlin, Michael S"]
[Black "Nikolic, Stanimir"]
[Result "1/2-1/2"]
[WhiteElo "2455"]
[BlackElo "2320"]
[PlyCount "80"]
[EventDate "1988.12.??"]
[Source "www.chesslib.no"]
[SourceDate "2004.05.04"]

1. e4 c5 2. Nf3 d6 3. d4 cxd4 4. Nxd4 Nf6 5. Nc3 a6 6. Bg5 e6 7. f4 Be7 8. Qf3 Qc7 9. O-O-O O-O 10. Bd3 Nc6 11. Nxc6 bxc6 12. e5 dxe5 13. fxe5 Qxe5 14. Bf4 Qa5 15. Rhe1 Ra7 16. Be5 Rd8 17. Qxc6 Bb7 18. Qc7 Qxc7 19. Bxc7 Rc8 20. Bb6 Raa8 21. Re2 Bc6 22. Bd4 Rc7 23. Be5 Rb7 24. Ne4 Nxe4 25. Bxe4 Bxe4 26. Rxe4 f6 27. Bd6 Kf7 28. Rc4 e5 29. a4 Rd7 30. Bxe7 Kxe7 31. b4 Rad8 32. Rxd7+ Rxd7 33. b5 axb5 34. axb5 Rb7 35. Rc5 Kd6 36. Rc6+ Kd7 37. c4 Rc7 38. Rxc7+ Kxc7 39. c5 f5 40. Kd2 g5 1/2-1/2

[Event "Ch (1/2 final)"]
[Site "?"]
[Date "2002.??.??"]
[Round "3"]
[White "Bibko Ivan"]
[Black "Kabanov Nikolai"]
[Result "0-1"]
[WhiteElo "2310"]
[BlackElo "2457"]
[PlyCount "75"]
[EventDate "2002.??.??"]
[Source "www.chesslib.no"]
[SourceDate "2004.05.04"]

1. e4 c5 2. Nf3 d6 3. d4 cxd4 4. Nxd4 Nf6 5. Nc3 a6 6. Bg5 e6 7. f4 Be7 8. Qf3 Qc7 9. O-O-O b5 10. a3 Nbd7 11. Bd3 Rb8 12. Rhe1 b4 13. axb4 Rxb4 14. Nb3 Bb7 15. Qh3 Nc5 16. Nxc5 dxc5 17. e5 Nd5 18. Nxd5 Bxd5 19. Qg3 c4 20. Be4 c3 21. Bxd5 cxb2+ 22. Kb1 exd5 23. Qa3 Rxf4 24. Bxe7 Qxe7 25. Qd6 Qxd6 26. exd6+ Re4 27. Rf1 f6 28. Rxd5 Kd7 29. Rfd1 Rb8 30. Ra5 Rb6 31. Ra2 Reb4 32. Ra5 R4b5 33. Ra2 a5 34. Ra4 Rxd6 35. Rxd6+ Kxd6 36. c4 Rb4 37. Rxa5 Rxc4 38. Kxb2 0-1

[Event "CZE-chT1 9596"]
[Site "Czech Republic"]
[Date "1996.??.??"]
[Round "?"]
[White "Pilar, Miloslav"]
[Black "Hausner, Ivan"]
[Result "0-1"]
[WhiteElo "2335"]
[BlackElo "2430"]
[PlyCount "46"]
[EventDate "1995.??.??"]
[Source "www.chesslib.no"]
[SourceDate "2004.05.04"]

1. e4 c5 2. Nf3 d6 3. d4 cxd4 4. Nxd4 Nf6 5. Nc3 a6 6. Bg5 e6 7. f4 Be7 8. Qf3 Qc7 9. O-O-O O-O 10. Bd3 Nbd7 11. g4 b5 12. Kb1 Bb7 13. h4 Nc5 14. Bxf6 Bxf6 15. Nce2 Rfe8 16. g5 Bxd4 17. Nxd4 e5 18. fxe5 Rxe5 19. Rhe1 Rae8 20. Bxb5 axb5 21. Nxb5 Qe7 22. Nxd6 Nxe4 23. Nxe4 Bxe4 0-1

[Event "HUN-chT2 9495"]
[Site "HUN"]
[Date "1995.??.??"]
[Round "?"]
[White "Videki, Sandor"]
[Black "Mozes, Zoltan"]
[Result "0-1"]
[WhiteElo "2455"]
[BlackElo "2285"]
[PlyCount "72"]
[EventDate "1994.??.??"]
[Source "www.chesslib.no"]
[SourceDate "2004.05.04"]

1. e4 c5 2. Nf3 d6 3. d4 cxd4 4. Nxd4 Nf6 5. Nc3 a6 6. Bg5 e6 7. f4 Be7 8. Qf3 Qc7 9. O-O-O Nc6 10. Be2 Bd7 11. Qg3 Rc8 12. Bf3 b5 13. a3 Nxd4 14. Rxd4 Qc5 15. Rhd1 Bc6 16. Qe1 Ba8 17. Bxf6 gxf6 18. Qe2 Qb6 19. f5 e5 20. R4d3 Bf8 21. Kb1 Rg8 22. Bh5 Rg5 23. h4 Rg8 24. Bf3 Rd8 25. Qd2 Bb7 26. Nd5 Bxd5 27. Rxd5 Rc8 28. g4 h6 29. Be2 Rc6 30. Rc1 Qc7 31. Qb4 h5 32. a4 bxa4 33. Qxa4 Ke7 34. Bxa6 Bh6 35. g5 Ra8 36. Ra5 fxg5 0-1

[Event "Corr"]
[Site "?"]
[Date "2002.02.28"]
[Round "?"]
[White "Fleurackers Norbert"]
[Black "Dorer Manfred"]
[Result "1/2-1/2"]
[WhiteElo "2356"]
[BlackElo "2371"]
[PlyCount "91"]
[EventDate "2002.??.??"]
[Source "www.chesslib.no"]
[SourceDate "2004.05.04"]

1. e4 c5 2. Nf3 d6 3. d4 cxd4 4. Nxd4 Nf6 5. Nc3 a6 6. Bg5 e6 7. f4 Be7 8. Qf3 Qc7 9. Be2 Nbd7 10. O-O b5 11. a3 Bb7 12. Rad1 Rc8 13. Qe3 O-O 14. Bh4 Nb6 15. Bf2 Nc4 16. Bxc4 Qxc4 17. Rd3 d5 18. e5 Ng4 19. Qf3 Nxf2 20. Rxf2 Bc5 21. Qd1 Bb6 22. Nce2 Rfe8 23. Rc3 Qa4 24. Rg3 Rc4 25. Rd3 Rc7 26. Qc1 b4 27. axb4 Qxb4 28. c3 Qe7 29. Rg3 f6 30. Rh3 Rf8 31. Qc2 g6 32. Re3 Bc6 33. exf6 Rxf6 34. Rff3 Bb5 35. Qd1 Rc8 36. Kf1 Rcf8 37. g3 g5 38. Kg2 h6 39. Qd2 Bxe2 40. Rxe2 Bxd4 41. Qxd4 Qf7 42. b4 gxf4 43. gxf4 Kh7 44. Qd3+ Qg6+ 45. Qxg6+ Kxg6 46. Re5 1/2-1/2

[Event "Asia Ch"]
[Site "Dubai UAE"]
[Date "1996.??.??"]
[Round "?"]
[White "Butt, Dastgir"]
[Black "Solomon, Stephen J"]
[Result "1-0"]
[WhiteElo "2325"]
[BlackElo "2395"]
[PlyCount "55"]
[EventDate "1996.??.??"]
[Source "www.chesslib.no"]
[SourceDate "2004.05.04"]

1. e4 c5 2. Nf3 d6 3. d4 cxd4 4. Nxd4 Nf6 5. Nc3 a6 6. Bg5 e6 7. f4 Be7 8. Qf3 Qc7 9. O-O-O Nc6 10. Nxc6 bxc6 11. e5 dxe5 12. fxe5 Nd5 13. Bxe7 Nxe7 14. Qh5 Ng6 15. Re1 Qa5 16. Bc4 O-O 17. Rhf1 Bd7 18. Rf3 Rad8 19. Rh3 h6 20. Rg3 Kh8 21. Qg4 Rg8 22. Qe4 Ne7 23. Bd3 Nf5 24. Rh3 Be8 25. g4 Rd4 26. Qe2 Ne7 27. Qe3 Nf5 28. gxf5 1-0

[Event "Reggio Emilia 9495"]
[Site "Reggio Emilia"]
[Date "1994.??.??"]
[Round "11"]
[White "Barlocco, Carlo"]
[Black "Tatai, Stefano"]
[Result "0-1"]
[WhiteElo "2280"]
[BlackElo "2430"]
[PlyCount "70"]
[EventDate "1994.12.??"]
[Source "ChessBase"]

1. e4 c5 2. Nf3 d6 3. d4 cxd4 4. Nxd4 Nf6 5. Nc3 a6 6. Bg5 e6 7. f4 Be7 8. Qf3 Qc7 9. O-O-O h6 10. Bh4 Nbd7 11. Rd2 g5 12. fxg5 Ne5 13. Qg3 Nh5 14. Qf2 hxg5 15. Bg3 Nxg3 16. Qxg3 g4 17. Kb1 b5 18. a3 Rb8 19. Be2 b4 20. axb4 Rxb4 21. Rf1 Bh4 22. Qe3 Qb6 23. Nd1 Rg8 24. Qc3 Bb7 25. Nf2 Ke7 26. Nd3 Rxd4 27. Nxe5 dxe5 28. Rxd4 exd4 29. Qa3+ Ke8 30. Qa4+ Bc6 31. Qa3 Be7 32. Qg3 Bxe4 33. Qf4 f5 34. Bc4 Bf6 35. Qh6 Ke7 0-1

[Event "HUN Team Ch"]
[Site "HUN"]
[Date "1991.??.??"]
[Round "?"]
[White "Palkovi, Jozsef"]
[Black "Mozes, Zoltan"]
[Result "1/2-1/2"]
[WhiteElo "2460"]
[BlackElo "2230"]
[PlyCount "69"]
[EventDate "1991.??.??"]
[Source "www.chesslib.no"]
[SourceDate "2004.05.04"]

1. e4 c5 2. Nf3 d6 3. d4 cxd4 4. Nxd4 Nf6 5. Nc3 a6 6. Bg5 e6 7. f4 Be7 8. Qf3 Qc7 9. O-O-O Nc6 10. Nxc6 Qxc6 11. Be2 Bd7 12. Qg3 Rc8 13. Bxf6 gxf6 14. Rd2 Kf8 15. Qh3 h6 16. f5 b5 17. a3 Qc5 18. Rf1 a5 19. fxe6 Bxe6 20. Bg4 b4 21. axb4 axb4 22. Ne2 Ra8 23. Kd1 Bc4 24. Ke1 Ra1+ 25. Rd1 Rxd1+ 26. Kxd1 Qa5 27. Rf5 Qa1+ 28. Nc1 Qxb2 29. Qe3 Be6 30. Rf4 Qe5 31. Ke2 Kg7 32. Bf5 Bxf5 33. exf5 Qxe3+ 34. Kxe3 Rc8 35. Kd3 1/2-1/2

[Event "Luzern ol (Men)"]
[Site "Lucerne SUI"]
[Date "1982.??.??"]
[Round "14"]
[White "Fauzi, Achmad"]
[Black "Aldrete, Jorge"]
[Result "0-1"]
[WhiteElo "2270"]
[BlackElo "2410"]
[PlyCount "106"]
[EventDate "1982.10.??"]
[Source "www.chesslib.no"]
[SourceDate "2004.05.04"]

1. e4 c5 2. Nf3 d6 3. d4 cxd4 4. Nxd4 Nf6 5. Nc3 a6 6. Bg5 e6 7. f4 Be7 8. Qf3 Qc7 9. O-O-O Bd7 10. Bd3 Nc6 11. Nb3 b5 12. Rde1 b4 13. Nd5 exd5 14. exd5 Kf8 15. dxc6 Bxc6 16. Qg3 h6 17. Bh4 Nd5 18. Nd4 Bxh4 19. Qxh4 Nf6 20. Re6 Bd5 21. Re3 Qc5 22. f5 Bxa2 23. Rhe1 Bd5 24. Rg3 Qa5 25. Ree3 Re8 26. Rxe8+ Nxe8 27. Re3 Nf6 28. Qf4 Qb6 29. g4 Bb7 30. Bc4 Bd5 31. Be2 Nd7 32. h4 Ne5 33. Rxe5 dxe5 34. Qxe5 Qd8 35. b3 Kg8 36. Bd3 f6 37. Qg3 Kh7 38. g5 hxg5 39. hxg5 Kg8 40. g6 Rh1+ 41. Kd2 a5 42. Ne6 Qb6 43. Nc7 Bb7 44. Ne6 Bc8 45. Bc4 Kh8 46. Ke2 Qg1 47. Qxg1 Rxg1 48. Kf2 Rc1 49. Nd4 Bxf5 50. Nxf5 a4 51. bxa4 Rxc2+ 52. Be2 b3 53. Nd4 b2 0-1

[Event "71. ch-BRA"]
[Site "?"]
[Date "2005.02.18"]
[Round "7"]
[White "Caldeira Adriano"]
[Black "Di Berardino Diego Rafael"]
[Result "1-0"]
[WhiteElo "2320"]
[BlackElo "2358"]
[PlyCount "61"]
[EventDate "2005.??.??"]
[Source "www.chesslib.no"]
[SourceDate "2004.05.04"]

1. e4 c5 2. Nf3 d6 3. d4 cxd4 4. Nxd4 Nf6 5. Nc3 a6 6. Bg5 e6 7. f4 Be7 8. Qf3 Qc7 9. O-O-O h6 10. Bh4 Nbd7 11. f5 e5 12. Nde2 b5 13. Bxf6 Nxf6 14. g4 b4 15. Nd5 Nxd5 16. exd5 Bb7 17. Ng3 Rc8 18. Qe4 Bh4 19. Rg1 O-O 20. Kb1 Qc5 21. Rg2 a5 22. g5 hxg5 23. f6 g6 24. Nf5 Rc7 25. Nxh4 gxh4 26. Qxh4 Qe3 27. Rg3 Qf4 28. Rg4 Qf3 29. Re1 Bc8 30. Be2 Qf5 31. Bd3 1-0

[Event "ST Lee Cup 4th"]
[Site "Beijing"]
[Date "1997.08.28"]
[Round "5"]
[White "Sun Hui"]
[Black "Lin Weiguo"]
[Result "0-1"]
[WhiteElo "2200"]
[BlackElo "2470"]
[PlyCount "76"]
[EventDate "1997.08.23"]
[Source "ChessBase"]
[SourceDate "1997.11.23"]

1. e4 c5 2. Nf3 d6 3. d4 cxd4 4. Nxd4 Nf6 5. Nc3 a6 6. Bg5 e6 7. f4 Be7 8. Qf3 Qc7 9. O-O-O Nc6 10. Kb1 Bd7 11. Qg3 h6 12. Bh4 Nxd4 13. Rxd4 g5 14. fxg5 Rg8 15. g6 Rxg6 16. Qf3 Bc6 17. Bg3 Ng4 18. Be2 Ne5 19. Qf2 O-O-O 20. Bh5 Rg7 21. Rhd1 Rf8 22. Qe3 Rg5 23. Be2 Rfg8 24. Bh4 Rxg2 25. Bxe7 Qxe7 26. Rxd6 Qc7 27. Qa7 Rg1 28. Bf1 Nd7 29. a4 Rxf1 30. Rxd7 Rxd1+ 31. Rxd1 Qxh2 32. b4 Qb8 33. Qc5 Qc7 34. Qa7 b6 35. Qxa6+ Bb7 36. Qd3 Rg3 37. Qb5 Qc6 38. Qe5 Qxc3 0-1

[Event "Badalona op"]
[Site "Badalona"]
[Date "1998.??.??"]
[Round "?"]
[White "Gunnarsson, JV."]
[Black "Einarsson, B."]
[Result "1/2-1/2"]
[WhiteElo "2445"]
[BlackElo "2210"]
[PlyCount "29"]
[EventDate "1998.??.??"]
[Source "www.chesslib.no"]
[SourceDate "2004.05.04"]

1. e4 c5 2. Nf3 d6 3. d4 cxd4 4. Nxd4 Nf6 5. Nc3 a6 6. Bg5 e6 7. f4 Be7 8. Qf3 Qc7 9. O-O-O Nc6 10. Nb3 Bd7 11. g4 Rc8 12. Bh4 Nb4 13. Bd3 Bc6 14. g5 Nd7 15. Rhe1 1/2-1/2

[Event "Romanian Young Int"]
[Site "Bucharest ROM"]
[Date "2008.03.17"]
[Round "4"]
[White "Filev, G."]
[Black "Agafii, V."]
[Result "1-0"]
[WhiteElo "2353"]
[BlackElo "2298"]
[PlyCount "77"]
[EventDate "2008.03.14"]
[Source "www.chesslib.no"]
[SourceDate "2004.05.04"]

1. e4 c5 2. Nf3 d6 3. d4 cxd4 4. Nxd4 Nf6 5. Nc3 a6 6. Bg5 e6 7. f4 Be7 8. Qf3 Qc7 9. O-O-O h6 10. Bh4 Nbd7 11. Qg3 Rg8 12. Be2 g5 13. fxg5 Ne5 14. Nf3 Nh5 15. Qe1 hxg5 16. Nxe5 dxe5 17. Bxh5 gxh4 18. Rf1 Rg7 19. g3 hxg3 20. Rxf7 Bg5+ 21. Kb1 Rxf7 22. Qxg3 Qe7 23. Bxf7+ Kxf7 24. Rg1 Bd7 25. h4 Qf6 26. hxg5 Qf4 27. Qd3 Ke7 28. Rd1 Bc6 29. Qd6+ Kf7 30. g6+ Kf6 31. g7 Kf7 32. Nd5 exd5 33. exd5 Qf6 34. Qc7+ Kg8 35. dxc6 bxc6 36. a3 Re8 37. Rh1 Qxg7 38. Qxc6 Re7 39. Qc8+ 1-0

[Event "St Petersburg op"]
[Site "?"]
[Date "2001.??.??"]
[Round "9"]
[White "Moskovets Konstantin"]
[Black "Anisimov Pavel"]
[Result "1/2-1/2"]
[WhiteElo "2319"]
[BlackElo "2325"]
[PlyCount "40"]
[EventDate "2001.??.??"]
[Source "www.chesslib.no"]
[SourceDate "2004.05.04"]

1. e4 c5 2. Nf3 d6 3. d4 cxd4 4. Nxd4 Nf6 5. Nc3 a6 6. Bg5 e6 7. f4 Be7 8. Qf3 Qc7 9. O-O-O Nc6 10. Nxc6 Qxc6 11. e5 Qxf3 12. gxf3 dxe5 13. fxe5 Nd7 14. Bxe7 Kxe7 15. f4 b6 16. Rg1 g6 17. Ne4 Bb7 18. Nd6 Bc6 19. Rg3 f6 20. Rc3 Bd5 1/2-1/2

[Event "ARG-ch"]
[Site "Buenos Aires"]
[Date "1975.??.??"]
[Round "1"]
[White "Rubinetti, Jorge Alberto"]
[Black "Sampaolesi, Nestor"]
[Result "1-0"]
[WhiteElo "2440"]
[BlackElo "2200"]
[PlyCount "49"]
[EventDate "1975.??.??"]
[Source "ChessBase"]

1. e4 c5 2. Nf3 d6 3. d4 cxd4 4. Nxd4 Nf6 5. Nc3 a6 6. Bg5 e6 7. f4 Be7 8. Qf3 Qc7 9. O-O-O Nc6 10. Nxc6 bxc6 11. e5 Nd5 12. Bxe7 Qxe7 13. Ne4 dxe5 14. fxe5 O-O 15. Bd3 Rb8 16. c4 Qb4 17. Rd2 Ne7 18. Qh5 Rd8 19. Nf6+ gxf6 20. Bxh7+ Kg7 21. exf6+ Kxf6 22. Qh6+ Ng6 23. Rf1+ Ke7 24. Qg5+ Kf8 25. Rxf7+ 1-0